000 00601nam 22002293 4500
001 200205
010 _a972-9019-96-7
021 _aPT
_b10284/96
090 _a200205
100 _a20260127d u||y0pory50 ba
200 _aPeixes dos rios de Portugal
_fCarlos Almaça
210 _aLisboa
_cEdições Inapa
_d1996
215 _a129, [2] p.
_cil. ; encadernado
225 _aPortugal Vivo
606 _974
_aZoologia
610 _aPeixes
675 _a59
_vPT
_zpor
675 _a567
_vPT
_zpor
700 _916040
_aAlmaça
_bCarlos
_f1934-2010
801 _aPT
_bBMMN
_gRPC
830 _cAna
_fAna
990 _cLIVROS